000 00632nam a2200241 a 4500
001 nice12345678
003 IN_TiNIC
005 20260116013259.0
008 050524s2000 dela grp 000 0 eng
020 _a8172148
_c225
082 0 0 _a266.2
_bJEG
100 _aJeganathan, Milton W S
245 _aMission Paradigm in the New Millennium.
260 _aDelhi
_bISPCK
_c2000
300 _a417p
500 _aincludes index and biblioraphy
505 2 _aStudy on Missiology an Indian Perspective.
650 _aMissions
700 1 _aJeganathan, Milton W S
902 _bSRS
942 _cBK
999 _c10384
_d10384